Le romancero de la résistance espagnole : (Registro nro. 11363)

Detalles MARC
000 -LEADER
fixed length control field 00507nam a22001697a 4500
003 - CONTROL NUMBER IDENTIFIER
control field DO-SdBNP
005 - DATE AND TIME OF LATEST TRANSACTION
control field 20180202085713.0
008 - FIXED-LENGTH DATA ELEMENTS--GENERAL INFORMATION
fixed length control field 160914b 1962 fr||||| |||| 00| 0 spa d
040 ## - CATALOGING SOURCE
Original cataloging agency BMPSU
Language of cataloging spa
Transcribing agency BMPSU
100 1# - MAIN ENTRY--PERSONAL NAME
Personal name Puccini, Dario
245 10 - TITLE STATEMENT
Title Le romancero de la résistance espagnole :
Remainder of title anthologic poétique bilingue /
Statement of responsibility, etc. Dario Puccini.
260 ## - PUBLICATION, DISTRIBUTION, ETC. (IMPRINT)
Place of publication, distribution, etc. Paris :
Name of publisher, distributor, etc. Francois Maspero,
Date of publication, distribution, etc. 1962.
300 ## - PHYSICAL DESCRIPTION
Extent 486 p. ;
Dimensions 23 cm
942 ## - ADDED ENTRY ELEMENTS (KOHA)
Source of classification or shelving scheme Dewey Decimal Classification
Koha item type Libros
945 ## - LOCAL PROCESSING INFORMATION (OCLC)
a Inventariado, 2018 /LP
956 ## - LOCAL ELECTRONIC LOCATION AND ACCESS (OCLC)
Host name DGARCIA
Access number 10
Existencias
Withdrawn status Lost status Source of classification or shelving scheme Damaged status Not for loan Collection code Home library Current library Date acquired Source of acquisition Total Checkouts Barcode Date last seen Price effective from Koha item type
    Dewey Decimal Classification     Colección General Biblioteca Pública Metropolitana Salomé Ureña Biblioteca Pública Metropolitana Salomé Ureña 02/02/2018 Donación   BPMSU18020020 02/02/2018 02/02/2018 Libros